Web interactive multimedia technology in University learning environments /
Saved in:
| 主要作者: | |
|---|---|
| 格式: | Thesis |
| 語言: | English |
| 主題: | |
| 標簽: |
添加標簽
沒有標簽, 成為第一個標記此記錄!
|
| LEADER | 009540000a22002290004500 | ||
|---|---|---|---|
| 008 | 150206t2013 at a g m 000 0 eng d | ||
| 040 | |a UIAM |b eng |e rda | ||
| 050 | |a LB1028.55 | ||
| 100 | 0 | |a Asma Md Ali, |c Dato' | |
| 245 | 1 | 0 | |a Web interactive multimedia technology in University learning environments / |c by Asma Md Ali |
| 300 | |a xiii, 241 leaves : |b illustrations ; |c 30 cm. | ||
| 336 | |2 rdacontent |a text | ||
| 337 | |2 rdamedia |a unmediated | ||
| 338 | |2 rdacarrier |a volume | ||
| 502 | |a Thesis (Doctor of Philosophy)--RMIT University, 2013 | ||
| 504 | |a Includes bibliographical references (leaves 221-237). | ||
| 596 | |a 1 | ||
| 655 | 0 | 7 | |a Theses, IIUM foreign |
| 710 | 2 | |a RMIT University. |b School of Business Information Technology and Logistics | |
| 900 | |a oc-amr-hj-nbm-nm | ||
| 999 | |c 436889 |d 469626 | ||
| 952 | |0 0 |6 T LB 001028.55 A836W 2013 |7 0 |8 THESES |9 759690 |a IIUM |b IIUM |c MULTIMEDIA |g 0.00 |o t LB 1028.55 A836W 2013 |p 11100323792 |r 2018-03-09 |t 1 |v 0.00 |y THESIS | ||
